| LEADER | 01183nam a2200241 i 4500 | ||
|---|---|---|---|
| 003 | GR-PaULI | ||
| 005 | 20210117211027.0 | ||
| 008 | 200116s2016 gr a|||g |||| 000 0 gre d | ||
| 952 | |0 0 |1 0 |2 ddc |4 0 |6 808_819000000000000_11_ΒΟΡ |7 0 |9 238342 |a LISP |b LISP |c BSC |d 2020-01-16 |e Προμήθεια Φιλολογίας |i 138919 |l 0 |o 808.819 11 ΒΟΡ |p 025000260674 |r 2020-01-16 00:00:00 |t 1 |v 2020.00 |w 2020-01-16 |y BK15 | ||
| 999 | |c 144001 |d 144001 | ||
| 020 | |a 9786188278103 | ||
| 040 | |a GR-PaULI |b gre |c GR-PaULI |e AACR2 | ||
| 041 | 1 | |a gre |h eng | |
| 082 | 0 | 4 | |2 23 |a 808.819 11 |
| 245 | 0 | 0 | |a Βορτιστικό Μανιφέστο / |c μετάφραση Μιχάλης Παπαντωνόπουλος. |
| 260 | |a Αθήνα : |b Κοβάλτιο, |c 2016. | ||
| 300 | |a 42 σ. ; |c 28 εκ. | ||
| 500 | |a Η μετάφρασή του έγινε από την έκδοση: Blast : Review of the Great English Vortex, τχ. 1 (1914). | ||
| 650 | 4 | |9 165498 |a Ποίηση |x Συλλογές. | |
| 700 | 1 | |a Παπαντωνόπουλος, Μιχάλης, |d 1980- |e μεταφραστής. |9 144861 | |
| 765 | 0 | 8 | |i Μετάφραση του: |t Vorticist Manifesto |
| 942 | |2 ddc |c BK15 | ||
| 998 | |c ΒΑΣΙΛΕΙΟΥ |d 2020-01 | ||